000
00301nam a2200109Ia 4500
008
190216s9999||||xx |||||||||||||| ||und||
100
_a
Kochi Malayala Grantha Parishkarana Committee
245
0
_a
Parvathi Parinayam
260
_b
Kochi Malayala Basha Parishkaranam
650
_a
Kavithkal
942
_c
BK
999
_c
24185
_d
24185